[Event "GER-chT Nord-West U20 1112"]
[Site "Germany"]
[Date "2012.04.15"]
[Round "7"]
[White "Kolschewski, Tobias"]
[Black "Bart, Simon"]
[Result "0-1"]
[WhiteElo "1765"]
[BlackElo "2018"]
[PlyCount "64"]
[EventDate "2011.09.24"]
[EventType "team-tourn"]
[EventRounds "9"]
[EventCountry "GER"]
[SourceTitle "EXT 2015"]
[Source "ChessBase"]
[SourceDate "2014.11.20"]
[SourceVersion "1"]
[SourceVersionDate "2014.11.20"]
[SourceQuality "1"]

1. c4 Nf6 2. g3 g6 3. Bg2 Bg7 4. Nc3 0-0 5. d3 c6 6. e4 e5 7. Nge2 d6 8. 0-0 Be6 9. Qb3 Na6 10. f4 b5 11. Be3 Ng4 12. Nd1 Nxe3 13. Nxe3 Qb6 14. Kf2 Nc5 15. Qc2 bxc4 16. dxc4 f5 17. Ke1 Nxe4 18. Bxe4 Qxe3 19. Bxc6 Rac8 20. Bb5 exf4 21. Rxf4 g5 22. Rf1 d5 23. Rd1 dxc4 24. Rd6 Qe5 25. Qd2 Qxb5 26. Rxe6 Qxb2 27. Qxg5 Rce8 28. Qe3 Rd8 29. Rc6 c3 30. Qe6+ Kh8 31. Qb3 Qd2+ 32. Kf2 Bd4+ 0-1

[Event "Harburg-chD 9th"]
[Site "Hamburg"]
[Date "2011.08.20"]
[Round "2"]
[White "Kolschewski, Tobias"]
[Black "Schwarzkopf, Joerg"]
[Result "1/2-1/2"]
[WhiteElo "1731"]
[BlackElo "1756"]
[PlyCount "84"]
[EventDate "2011.08.19"]
[EventType "tourn"]
[EventRounds "5"]
[EventCountry "GER"]
[SourceTitle "EXT 2012"]
[Source "ChessBase"]
[SourceDate "2011.11.24"]
[SourceVersion "1"]
[SourceVersionDate "2011.11.24"]
[SourceQuality "1"]

1. c4 e5 2. g3 d6 3. Bg2 f5 4. d3 Nf6 5. Nc3 Be7 6. e3 0-0 7. Nge2 c6 8. 0-0 Be6 9. f4 Qc7 10. b3 a5 11. h3 Na6 12. e4 fxe4 13. dxe4 Rad8 14. Bd2 d5 15. cxd5 cxd5 16. Rc1 Qb6+ 17. Kh2 Ba3 18. Rb1 dxe4 19. Bxe4 Nxe4 20. Nxe4 Bf5 21. N2c3 Nc5 22. Nxc5 Bxb1 23. N5a4 Qd6 24. Nxb1 b5 25. Nac3 Bb4 26. Ne4 Qd3 27. Nf2 Qd4 28. Bxb4 Qxb4 29. Qe2 exf4 30. gxf4 Qxf4+ 31. Kg2 Rd6 32. Qxb5 Rg6+ 33. Ng4 Qe4+ 34. Kh2 Rc8 35. Qd7 Rc2+ 36. Nd2 h5 37. Rf2 Rxd2 38. Qxd2 hxg4 39. Rg2 gxh3 40. Rxg6 Qxg6 41. Qd8+ Kh7 42. Qh4+ Kg8 1/2-1/2

[Event "Harburg-chD 9th"]
[Site "Hamburg"]
[Date "2011.08.20"]
[Round "3"]
[White "Xin, Ruidi"]
[Black "Kolschewski, Tobias"]
[Result "1/2-1/2"]
[WhiteElo "1752"]
[BlackElo "1731"]
[PlyCount "43"]
[EventDate "2011.08.19"]
[EventType "tourn"]
[EventRounds "5"]
[EventCountry "GER"]
[SourceTitle "EXT 2012"]
[Source "ChessBase"]
[SourceDate "2011.11.24"]
[SourceVersion "1"]
[SourceVersionDate "2011.11.24"]
[SourceQuality "1"]

1. d4 Nf6 2. c4 c5 3. d5 e6 4. Nc3 exd5 5. cxd5 d6 6. e4 g6 7. Bb5+ Nfd7 8. a4 Bg7 9. f4 0-0 10. Nf3 Re8 11. Qe2 Na6 12. 0-0 Nc7 13. Bc4 Nb6 14. Bb3 Bg4 15. h3 Bxf3 16. Qxf3 Qe7 17. Bc2 Na6 18. f5 Bd4+ 19. Kh1 Nb4 20. Bb1 Nd7 21. Nb5 Bh8 22. Qf2 1/2-1/2

[Event "Staufenberg Muender op 1st"]
[Site "Staufenberg"]
[Date "2011.06.12"]
[Round "4"]
[White "Petiko, Nikolai"]
[Black "Kolschewski, Tobias"]
[Result "1/2-1/2"]
[WhiteElo "2178"]
[BlackElo "1723"]
[PlyCount "50"]
[EventDate "2011.06.10"]
[EventType "swiss"]
[EventRounds "7"]
[EventCountry "GER"]
[SourceTitle "CBM 142 Extra"]
[Source "ChessBase"]
[SourceDate "2011.06.27"]
[SourceVersion "1"]
[SourceVersionDate "2011.06.27"]
[SourceQuality "1"]

1. e4 c5 2. f4 Nc6 3. Nf3 d6 4. Bb5 Bd7 5. 0-0 g6 6. d3 Bg7 7. Bxc6 Bxc6 8. c4 e6 9. Nc3 Ne7 10. Qe1 0-0 11. Qh4 Qd7 12. f5 exf5 13. Bh6 f6 14. Bxg7 Kxg7 15. Rf2 g5 16. Qh5 Qe8 17. Qxe8 Raxe8 18. Raf1 fxe4 19. dxe4 Ng6 20. Rd2 Re6 21. h3 Rd8 22. Rfd1 a6 23. b3 Kf7 24. a4 Nf4 25. Kh2 h5 1/2-1/2

[Event "GER-chT U14"]
[Site "Verden"]
[Date "2008.12.27"]
[Round "1.3"]
[White "Kolschewski, Tobias"]
[Black "Gomer, Thomas"]
[Result "0-1"]
[WhiteElo "1562"]
[BlackElo "1125"]
[PlyCount "96"]
[EventDate "2008.12.27"]
[EventType "team-swiss"]
[EventRounds "7"]
[EventCountry "GER"]
[SourceTitle "EXT 2010"]
[Source "ChessBase"]
[SourceDate "2010.11.25"]
[SourceVersion "1"]
[SourceVersionDate "2010.11.25"]
[SourceQuality "1"]
[WhiteTeam "Marmstorf"]
[BlackTeam "Balingen"]
[WhiteTeamCountry "GER"]
[BlackTeamCountry "GER"]

1. e4 e5 2. Nf3 Nc6 3. Bc4 Nf6 4. Ng5 Bc5 5. Nxf7 Bxf2+ 6. Kxf2 Nxe4+ 7. Kg1 Qh4 8. Qf1 Rf8 9. d3 Nd6 10. Nxd6+ cxd6 11. Qe2 Nd4 12. Qd2 Nxc2 13. g3 Qd4+ 14. Kg2 Nxa1 15. Nc3 Qg4 16. d4 Qf3+ 17. Kg1 Qg4 18. Nd5 Rb8 19. Qg5 Qxg5 20. Bxg5 Rf5 21. Be7 b5 22. Bd3 e4 23. Bxe4 Rxd5 24. Bxd5 Kxe7 25. Be4 Bb7 26. d5 Rc8 27. Kf2 Nc2 28. a3 Nd4 29. Rd1 Rf8+ 30. Ke3 Nb3 31. Bxh7 Nc5 32. Kd4 Na6 33. Re1+ Kd8 34. Ra1 Rh8 35. Bd3 Nc7 36. Be4 Rxh2 37. Rf1 Rh8 38. Rf7 Rh5 39. Rxg7 Bxd5 40. Bxd5 Rxd5+ 41. Ke4 Re5+ 42. Kf3 d5 43. Rh7 d6 44. g4 Re7 45. Rh6 Kd7 46. g5 Ne6 47. g6 Rg7 48. Rh2 Ng5+ 0-1